[Event "POR-chT"]
[Site "Soure"]
[Date "2025.07.20"]
[Round "9.18"]
[White "Zlatkov, Anton"]
[Black "Sousa, Andre Ventura"]
[Result "1/2-1/2"]
[WhiteElo "2330"]
[BlackElo "2395"]
[PlyCount "80"]
[EventDate "2025.07.14"]
[EventType "team-tourn"]
[EventRounds "9"]
[EventCountry "POR"]
[SourceTitle "CB30_2025"]
[SourceDate "2025.07.23"]
[SourceVersion "1"]
[SourceVersionDate "2025.07.23"]
[SourceQuality "1"]
[WhiteTeam "Tessera"]
[BlackTeam "Vitoria"]
[WhiteTeamCountry "POR"]
[BlackTeamCountry "POR"]

1. Nf3 d5 2. g3 c5 3. Bg2 Nc6 4. d4 e6 5. 0-0 Nf6 6. c4 dxc4 7. dxc5 Qxd1 8. Rxd1 Bxc5 9. Nbd2 c3 10. bxc3 0-0 11. Nb3 Be7 12. c4 Bd7 13. Bg5 Rfc8 14. Rac1 Be8 15. Nfd4 h6 16. Bf4 g5 17. Be3 Ng4 18. Nxc6 Bxc6 19. Bxc6 Rxc6 20. Bd4 Ra6 21. Rd2 Rd8 22. Rcd1 Bb4 23. Rd3 Rxa2 24. h3 e5 25. Bxa7 Rxd3 26. Rxd3 Nf6 27. Bc5 Bxc5 28. Nxc5 Rxe2 29. Nxb7 Ne4 30. Re3 Rxe3 31. fxe3 f5 32. c5 Kf8 33. c6 Ke7 34. Kg2 h5 35. Kh2 g4 36. Kg2 Ng5 37. hxg4 fxg4 38. Kf2 Ne4+ 39. Kg2 Nc3 40. Kf2 Ne4+ 1/2-1/2

[Event "Menorca op-A 4th"]
[Site "Ciutadella"]
[Date "2025.04.24"]
[Round "5"]
[White "Sousa, Andre Ventura"]
[Black "Balakrishnan, Praveen"]
[Result "1/2-1/2"]
[WhiteElo "2385"]
[BlackElo "2489"]
[PlyCount "86"]
[EventDate "2025.04.22"]
[EventType "swiss"]
[EventRounds "9"]
[EventCountry "ESP"]
[SourceTitle "CB18_2025"]
[SourceDate "2025.04.30"]
[SourceVersion "1"]
[SourceVersionDate "2025.04.30"]
[SourceQuality "1"]

1. e4 c6 2. Nf3 d5 3. d3 Qc7 4. Nc3 dxe4 5. Nxe4 Nf6 6. Qe2 Nbd7 7. g3 Nxe4 8. Qxe4 Nf6 9. Qe2 Bg4 10. h3 Qa5+ 11. c3 Bxf3 12. Qxf3 Qd5 13. Bg2 e6 14. 0-0 Qxf3 15. Bxf3 Be7 16. a4 a5 17. d4 Nd5 18. Re1 0-0 19. h4 Rfd8 20. Kf1 Rd7 21. Bd2 Rad8 22. Red1 Bf6 23. Bg4 Be7 24. Ke2 g6 25. f4 h5 26. Bf3 Bf6 27. Be1 Kg7 28. Bf2 Ra8 29. Rd2 b5 30. Rc1 bxa4 31. Ra1 Rb7 32. c4 Ne7 33. Rxa4 Rab8 34. Rxa5 Rxb2 35. Ra2 Rxa2 36. Rxa2 Rb4 37. Rc2 Kf8 38. Be4 Ke8 39. Kd3 Rb3+ 40. Rc3 Rb2 41. Rc2 Rb3+ 42. Rc3 Rb2 43. Rc2 Rb3+ 1/2-1/2

[Event "Roquetas de Mar op 36th"]
[Site "Roquetas de Mar"]
[Date "2025.01.06"]
[Round "8"]
[White "Sousa, Andre Ventura"]
[Black "Castellanos Rodriguez, Renier"]
[Result "0-1"]
[WhiteElo "2387"]
[BlackElo "2482"]
[PlyCount "104"]
[EventDate "2025.01.02"]
[EventType "swiss"]
[EventRounds "9"]
[EventCountry "ESP"]
[SourceTitle "CB02_2025"]
[SourceDate "2025.01.08"]
[SourceVersion "1"]
[SourceVersionDate "2025.01.08"]
[SourceQuality "1"]

1. e4 c5 2. Nf3 d6 3. Bb5+ Bd7 4. Bxd7+ Nxd7 5. 0-0 e6 6. b3 Be7 7. Bb2 Bf6 8. d4 cxd4 9. Bxd4 Ne7 10. c4 Nc6 11. Bxf6 Nxf6 12. Nc3 0-0 13. Re1 Qa5 14. Qd2 a6 15. Rac1 Rfd8 16. h3 h6 17. Nd4 Ne5 18. Rcd1 Qc7 19. Re3 Rac8 20. f4 Nc6 21. Nxc6 Qxc6 22. a4 Qb6 23. Kh2 Qxb3 24. Nd5 Qxc4 25. Ne7+ Kh8 26. Nxc8 Rxc8 27. Qxd6 Nxe4 28. Qe5 Nf6 29. Rd4 Qf1 30. Re1 Qf2 31. Qe3 Qc2 32. Re2 Qc7 33. Qe5 Qc1 34. Red2 Kh7 35. Rd8 Rc5 36. Qb2 Qe1 37. Rd1 Qe4 38. R8d4 Qc6 39. Qb1+ g6 40. R1d2 h5 41. Qe1 Kg7 42. Qe3 Rf5 43. Qa3 Qc7 44. Rd8 Rc5 45. Qb4 e5 46. fxe5 Qxe5+ 47. Kh1 Ne4 48. Rc2 Rxc2 49. Qf8+ Kf6 50. Qh8+ Kf5 51. g4+ Kf4 52. Qh6+ Ng5 0-1

[Event "Roquetas de Mar op 36th"]
[Site "Roquetas de Mar"]
[Date "2025.01.04"]
[Round "4"]
[White "Pham, Khoi"]
[Black "Sousa, Andre Ventura"]
[Result "1-0"]
[WhiteElo "2296"]
[BlackElo "2387"]
[PlyCount "91"]
[EventDate "2025.01.02"]
[EventType "swiss"]
[EventRounds "9"]
[EventCountry "ESP"]
[SourceTitle "CB02_2025"]
[SourceDate "2025.01.08"]
[SourceVersion "1"]
[SourceVersionDate "2025.01.08"]
[SourceQuality "1"]

1. d4 Nf6 2. c4 g6 3. Nc3 Bg7 4. e4 d6 5. Nf3 0-0 6. Be2 e5 7. 0-0 Bg4 8. d5 a5 9. Be3 Na6 10. h3 Bxf3 11. Bxf3 h5 12. a3 Nh7 13. Rb1 Bf6 14. b4 axb4 15. axb4 Bg5 16. Qd2 Bxe3 17. Qxe3 Qe7 18. Be2 Nf6 19. c5 Kg7 20. cxd6 cxd6 21. Na4 Nc7 22. Nb6 Rab8 23. Rfc1 Na8 24. Nc4 Nd7 25. Ra1 f5 26. exf5 Rxf5 27. Qa7 Rff8 28. Na5 Nab6 29. Rc7 Qf7 30. Bb5 Qxf2+ 31. Kh1 Qd4 32. Nb3 Qxb4 33. Qxb6 Rf7 34. Qa5 Qxb3 35. Bxd7 Qb2 36. Rg1 Kh6 37. Be6 Rf2 38. Qe1 Qd4 39. Qc1+ g5 40. Qb1 e4 41. Qa1 Qxa1 42. Rxa1 e3 43. Rf7 Rxf7 44. Bxf7 Rf8 45. Be6 e2 46. Kg1 1-0

[Event "Roquetas de Mar op 36th"]
[Site "Roquetas de Mar"]
[Date "2025.01.04"]
[Round "5"]
[White "Sousa, Andre Ventura"]
[Black "Dwilewicz, Katarzyna"]
[Result "1/2-1/2"]
[WhiteElo "2387"]
[BlackElo "2173"]
[PlyCount "126"]
[EventDate "2025.01.02"]
[EventType "swiss"]
[EventRounds "9"]
[EventCountry "ESP"]
[SourceTitle "CB02_2025"]
[SourceDate "2025.01.08"]
[SourceVersion "1"]
[SourceVersionDate "2025.01.08"]
[SourceQuality "1"]

1. d4 d5 2. Nf3 Nf6 3. Bf4 e6 4. e3 c5 5. Nbd2 Nc6 6. c3 Bd6 7. Bg3 Qe7 8. Bb5 Bd7 9. 0-0 Bxg3 10. hxg3 0-0 11. a4 a6 12. Bxc6 Bxc6 13. Ne5 Nd7 14. Nxd7 Bxd7 15. a5 e5 16. Nb3 cxd4 17. cxd4 e4 18. Qh5 Bc6 19. Nc5 Rad8 20. Rfc1 Rd6 21. Rc3 Rh6 22. Qe5 Qd8 23. Rb3 Re8 24. Qf5 Rf6 25. Qg4 Rg6 26. Qf5 Rf6 27. Qg5 Qc8 28. Rb6 Rg6 29. Qh5 Re7 30. Rc1 Rc7 31. b4 h6 32. Qh3 Bd7 33. Qh2 Bc6 34. g4 Qxg4 35. b5 axb5 36. Kf1 Rc8 37. Qh3 Qxh3 38. gxh3 Ra8 39. Ra1 Ra7 40. a6 bxa6 41. Raxa6 Rxa6 42. Rxa6 Kh7 43. Rb6 Rf6 44. Kg2 Kg6 45. Kg3 Kh5 46. Na6 Rf3+ 47. Kg2 Bd7 48. Nb4 Bxh3+ 49. Kg1 Rf5 50. Rxb5 Rg5+ 51. Kh1 Be6 52. Nc6 Kh4 53. Kh2 Bh3 54. Rb2 Bg4 55. Ne5 f6 56. f4 exf3 57. Nd3 Rf5 58. Nf4 g5 59. Ng6+ Kh5 60. Ne7 Kh4 61. Ng6+ Kh5 62. Ne7 Kh4 63. Ng6+ Kh5 1/2-1/2

[Event "Roquetas de Mar op 36th"]
[Site "Roquetas de Mar"]
[Date "2025.01.03"]
[Round "2"]
[White "Feal Albala, Alonso"]
[Black "Sousa, Andre Ventura"]
[Result "0-1"]
[WhiteElo "2172"]
[BlackElo "2387"]
[PlyCount "40"]
[EventDate "2025.01.02"]
[EventType "swiss"]
[EventRounds "9"]
[EventCountry "ESP"]
[SourceTitle "CB02_2025"]
[SourceDate "2025.01.08"]
[SourceVersion "1"]
[SourceVersionDate "2025.01.08"]
[SourceQuality "1"]

1. d4 Nf6 2. c4 e6 3. Nf3 Bb4+ 4. Nbd2 b6 5. a3 Bxd2+ 6. Bxd2 Bb7 7. g3 a5 8. b4 axb4 9. axb4 Nc6 10. Rg1 Ne4 11. b5 Nxd2 12. Kxd2 Na5 13. Rc1 Qe7 14. Ne5 Qb4+ 15. Kd3 f6 16. Qe1 Qxe1 17. Rxe1 fxe5 18. e3 e4+ 19. Kc3 0-0 20. Rg2 c6 0-1

[Event "Roquetas de Mar op 36th"]
[Site "Roquetas de Mar"]
[Date "2025.01.02"]
[Round "1"]
[White "Sousa, Andre Ventura"]
[Black "Alvarez Morales, Miguel"]
[Result "1-0"]
[WhiteElo "2387"]
[BlackElo "2018"]
[PlyCount "61"]
[EventDate "2025.01.02"]
[EventType "swiss"]
[EventRounds "9"]
[EventCountry "ESP"]
[SourceTitle "CB02_2025"]
[SourceDate "2025.01.08"]
[SourceVersion "1"]
[SourceVersionDate "2025.01.08"]
[SourceQuality "1"]

1. e4 g6 2. d4 Bg7 3. Nf3 c6 4. Bd3 d5 5. e5 c5 6. c3 Bg4 7. Nbd2 Nc6 8. h3 Bxf3 9. Nxf3 cxd4 10. cxd4 e6 11. Bd2 Nge7 12. 0-0 Qb6 13. Bc3 0-0 14. Re1 Rac8 15. g4 Na5 16. Kg2 Nc4 17. Qe2 Qd8 18. h4 a5 19. a4 Nc6 20. b3 Nb6 21. Rac1 Nb4 22. Bb1 Qd7 23. h5 Rc7 24. Bd2 Rfc8 25. Rxc7 Rxc7 26. Rh1 Nc8 27. hxg6 hxg6 28. Bg5 Nc6 29. Qe3 Qe8 30. Bf6 Qf8 31. Qf4 1-0

[Event "Figueira da Foz op 18th"]
[Site "Figueira da Foz"]
[Date "2024.11.14"]
[Round "6"]
[White "Sousa, Andre Ventura"]
[Black "Golecki, Jan"]
[Result "0-1"]
[WhiteElo "2394"]
[BlackElo "2195"]
[PlyCount "104"]
[EventDate "2024.11.10"]
[EventType "swiss"]
[EventRounds "9"]
[EventCountry "POR"]
[SourceTitle "CB47_2024"]
[SourceDate "2024.11.20"]
[SourceVersion "1"]
[SourceVersionDate "2024.11.20"]
[SourceQuality "1"]

1. e4 e5 2. Nf3 Nc6 3. Bb5 a6 4. Ba4 d6 5. Nc3 Bd7 6. Bxc6 Bxc6 7. d4 f6 8. Be3 Ne7 9. Qe2 b5 10. 0-0-0 b4 11. Nd5 Bb5 12. Qe1 Nxd5 13. exd5 a5 14. h4 Be7 15. h5 e4 16. Nd2 f5 17. f3 exf3 18. Nxf3 0-0 19. Bf2 Bg5+ 20. Kb1 Re8 21. Qg1 Bc4 22. Bh4 Bxh4 23. Nxh4 Qg5 24. Qf2 f4 25. Nf3 Qxd5 26. b3 Be2 27. Rde1 Bxf3 28. gxf3 a4 29. h6 axb3 30. cxb3 Qf5+ 31. Qc2 Qxc2+ 32. Kxc2 Rxa2+ 33. Kd3 Re3+ 34. Rxe3 fxe3 35. Kxe3 Rb2 36. Ke4 Rxb3 37. f4 g6 38. Ra1 Ra3 39. Rb1 c5 40. f5 gxf5+ 41. Kxf5 Re3 42. Kf6 Re8 43. d5 Rb8 44. Ke7 c4 45. Kxd6 c3 46. Kc5 Rc8+ 47. Kd4 c2 48. Rc1 b3 49. d6 b2 50. d7 Rd8 51. Rg1+ Kh8 52. Re1 Rxd7+ 0-1

[Event "Figueira da Foz op 18th"]
[Site "Figueira da Foz"]
[Date "2024.11.12"]
[Round "4"]
[White "Sousa, Andre Ventura"]
[Black "Prado Acebo, Ines"]
[Result "1-0"]
[WhiteElo "2394"]
[BlackElo "2199"]
[PlyCount "51"]
[EventDate "2024.11.10"]
[EventType "swiss"]
[EventRounds "9"]
[EventCountry "POR"]
[SourceTitle "CB47_2024"]
[SourceDate "2024.11.20"]
[SourceVersion "1"]
[SourceVersionDate "2024.11.20"]
[SourceQuality "1"]

1. e4 c5 2. Nf3 d6 3. d4 cxd4 4. Nxd4 Nf6 5. Nc3 a6 6. h3 e5 7. Nde2 h5 8. Bg5 Be6 9. Ng1 Nbd7 10. Nf3 Qa5 11. Bd3 d5 12. 0-0 d4 13. Ne2 Nh7 14. Bd2 Qd8 15. c3 g5 16. cxd4 g4 17. Nh2 gxh3 18. g3 h4 19. d5 Nc5 20. Bc3 hxg3 21. Nxg3 Rg8 22. dxe6 Nxd3 23. exf7+ Kxf7 24. Qb3+ Kg7 25. Rad1 Kh8 26. Rxd3 1-0

[Event "Olympiad-45"]
[Site "Budapest"]
[Date "2024.09.20"]
[Round "9.4"]
[White "Petkov, Momchil"]
[Black "Sousa, Andre Ventura"]
[Result "1-0"]
[WhiteElo "2540"]
[BlackElo "2403"]
[PlyCount "145"]
[EventDate "2024.09.11"]
[EventType "team-swiss"]
[EventRounds "11"]
[EventCountry "HUN"]
[SourceTitle "EXT 2025"]
[Source "ChessBase"]
[SourceDate "2024.10.14"]
[SourceVersion "1"]
[SourceVersionDate "2024.10.14"]
[SourceQuality "1"]
[WhiteTeam "Bulgaria"]
[BlackTeam "Portugal"]
[WhiteTeamCountry "BUL"]
[BlackTeamCountry "POR"]

1. d4 Nf6 2. c4 g6 3. g3 Bg7 4. Bg2 d6 5. Nc3 0-0 6. Nf3 c6 7. 0-0 Bf5 8. Re1 Ne4 9. Qb3 Nxc3 10. bxc3 Bc8 11. h4 e5 12. dxe5 dxe5 13. Ba3 Re8 14. Ng5 Qb6 15. Ne4 Na6 16. Qa4 Rd8 17. Be7 Bf5 18. c5 Qc7 19. Bxd8 Rxd8 20. Red1 Bxe4 21. Qxe4 Re8 22. Qc4 Bf8 23. h5 Nxc5 24. e4 Qa5 25. a4 Qc7 26. Qe2 a5 27. Qg4 Qc8 28. Qf3 Qe6 29. Bf1 Be7 30. Bd3 Qb3 31. Qe2 Qe6 32. Bc4 Qf6 33. Kg2 Kg7 34. Rh1 h6 35. Rh3 Rd8 36. Rah1 g5 37. Ra1 Bd6 38. Rhh1 Bc7 39. Rhd1 Re8 40. Qg4 Bb6 41. Ra2 Re7 42. Re1 Nxa4 43. Rb1 Nxc3 44. Rxb6 Nxa2 45. Bxa2 Qd6 46. Qe2 Rd7 47. Qb2 Qd4 48. Rxb7 Qxe4+ 49. Kh2 Rxb7 50. Qxb7 Qf3 51. Kg1 Qxh5 52. Qc7 g4 53. Qxc6 Qf5 54. Qb5 h5 55. Qxa5 Qe4 56. Qd2 Qf5 57. Qc1 Qf6 58. Qe3 Kf8 59. Qe4 h4 60. gxh4 Qxh4 61. Qxe5 Qh6 62. Qc5+ Kg7 63. Qd4+ Kf8 64. Qb4+ Kg7 65. Qxg4+ Kh8 66. Qd4+ Kg8 67. Qg4+ Kh8 68. Qf5 Qc1+ 69. Kg2 Qc6+ 70. Bd5 Qd6 71. Qh5+ Kg7 72. Qxf7+ Kh6 73. Qe6+ 1-0

[Event "Olympiad-45"]
[Site "Budapest"]
[Date "2024.09.18"]
[Round "7.3"]
[White "Sousa, Andre Ventura"]
[Black "Moayad, Anas"]
[Result "1-0"]
[WhiteElo "2403"]
[BlackElo "2016"]
[PlyCount "51"]
[EventDate "2024.09.11"]
[EventType "team-swiss"]
[EventRounds "11"]
[EventCountry "HUN"]
[SourceTitle "EXT 2025"]
[Source "ChessBase"]
[SourceDate "2024.10.14"]
[SourceVersion "1"]
[SourceVersionDate "2024.10.14"]
[SourceQuality "1"]
[WhiteTeam "Portugal"]
[BlackTeam "Morocco"]
[WhiteTeamCountry "POR"]
[BlackTeamCountry "MAR"]

1. e4 c5 2. Nf3 d6 3. d4 cxd4 4. Nxd4 Nf6 5. Nc3 a6 6. f3 e5 7. Nb3 Be7 8. Be3 Be6 9. Qd2 Nbd7 10. g4 h6 11. 0-0-0 b5 12. Kb1 Nb6 13. Na5 Qc7 14. Bxb6 Qxb6 15. Nd5 Nxd5 16. exd5 Bg5 17. Qb4 Bd7 18. Nc4 bxc4 19. Qxb6 Ke7 20. Bxc4 Rhb8 21. Qa5 Rc8 22. Bd3 Rc5 23. Qb6 a5 24. Rhe1 a4 25. Rxe5+ Kf8 26. Qxd6+ 1-0

[Event "Olympiad-45"]
[Site "Budapest"]
[Date "2024.09.13"]
[Round "3.33"]
[White "Sousa, Andre Ventura"]
[Black "Azhar, Muhd Syakir Shazmee"]
[Result "1-0"]
[WhiteElo "2403"]
[BlackElo "2086"]
[PlyCount "83"]
[EventDate "2024.09.11"]
[EventType "team-swiss"]
[EventRounds "11"]
[EventCountry "HUN"]
[SourceTitle "EXT 2025"]
[Source "ChessBase"]
[SourceDate "2024.10.14"]
[SourceVersion "1"]
[SourceVersionDate "2024.10.14"]
[SourceQuality "1"]
[WhiteTeam "Portugal"]
[BlackTeam "Malaysia"]
[WhiteTeamCountry "POR"]
[BlackTeamCountry "MAS"]

1. e4 e5 2. Nf3 Nc6 3. Bb5 a6 4. Ba4 Nf6 5. d3 b5 6. Bb3 Be7 7. a4 b4 8. a5 d6 9. 0-0 0-0 10. Re1 Be6 11. Bc4 Qd7 12. Nbd2 Rfe8 13. Bxe6 fxe6 14. c3 Rab8 15. Nc4 Bf8 16. Bd2 Qf7 17. Qa4 Na7 18. cxb4 Rb7 19. Rac1 Reb8 20. h3 Nb5 21. Na3 Na7 22. Qc2 h6 23. Qc4 Nb5 24. Qc6 Nh5 25. Nxb5 Rxb5 26. Qxa6 Nf4 27. Bxf4 exf4 28. Qc6 Rxb4 29. Ra1 Qe8 30. Rec1 Rxb2 31. Qxe8 Rxe8 32. Rxc7 Ra8 33. a6 Rb6 34. a7 d5 35. e5 Rb3 36. Nd4 Rxd3 37. Nxe6 Rb3 38. Nxf8 Kxf8 39. Rac1 Re8 40. Rc8 Ra3 41. Rxe8+ Kxe8 42. Rc8+ 1-0

[Event "Leca da Palmeira op 3rd"]
[Site "Leca da Palmeira"]
[Date "2024.08.04"]
[Round "7"]
[White "Kenbeilov, Timur"]
[Black "Sousa, Andre Ventura"]
[Result "1-0"]
[WhiteElo "2177"]
[BlackElo "2431"]
[PlyCount "79"]
[EventDate "2024.07.31"]
[EventType "swiss"]
[EventRounds "9"]
[EventCountry "POR"]
[SourceTitle "EXT 2025"]
[Source "ChessBase"]
[SourceDate "2024.10.14"]
[SourceVersion "1"]
[SourceVersionDate "2024.10.14"]
[SourceQuality "1"]

1. d4 Nf6 2. c4 e6 3. g3 c5 4. d5 exd5 5. cxd5 d6 6. Nc3 g6 7. Bg2 Bg7 8. Nf3 0-0 9. 0-0 Re8 10. Bf4 Bf5 11. Nd2 Nh5 12. Be3 Nd7 13. Nde4 Bxe4 14. Nxe4 Ndf6 15. Nc3 Rxe3 16. fxe3 Ng4 17. Qb3 Nxe3 18. Qxb7 Nxf1 19. Rxf1 f5 20. g4 Bxc3 21. bxc3 fxg4 22. e4 Rc8 23. Qf7+ Kh8 24. Qxa7 Qg5 25. Qd7 Rd8 26. Qc7 g3 27. h3 Nf4 28. Rxf4 Qxf4 29. Qxd8+ Kg7 30. Qd7+ Kh6 31. Qb5 Qe3+ 32. Kh1 Qxc3 33. Qf1 Kg7 34. a4 Qd4 35. a5 c4 36. a6 c3 37. Qa1 Qe5 38. a7 c2 39. a8Q Kf7 40. Q1a7+ 1-0

[Event "Leca da Palmeira op 3rd"]
[Site "Leca da Palmeira"]
[Date "2024.08.03"]
[Round "5"]
[White "Sismeiro, Miguel"]
[Black "Sousa, Andre Ventura"]
[Result "1-0"]
[WhiteElo "2263"]
[BlackElo "2431"]
[PlyCount "109"]
[EventDate "2024.07.31"]
[EventType "swiss"]
[EventRounds "9"]
[EventCountry "POR"]
[SourceTitle "EXT 2025"]
[Source "ChessBase"]
[SourceDate "2024.10.14"]
[SourceVersion "1"]
[SourceVersionDate "2024.10.14"]
[SourceQuality "1"]

1. e4 c5 2. Nf3 e6 3. d4 cxd4 4. Nxd4 a6 5. Bd3 Bc5 6. Nb3 Ba7 7. Qg4 Nf6 8. Qg3 Nc6 9. 0-0 d6 10. Nc3 b5 11. a3 Ne5 12. Be2 Bb7 13. Bf4 0-0 14. Rad1 Qc7 15. Rxd6 Ng6 16. e5 Ne8 17. Rd2 Nxf4 18. Qxf4 Bb8 19. Qh4 Qxe5 20. Na5 Qf4 21. Rd4 Qxh4 22. Rxh4 Ra7 23. a4 bxa4 24. Rb4 Nd6 25. Nxb7 Rxb7 26. Rxb7 Nxb7 27. Nxa4 a5 28. c4 Ba7 29. Rd1 Rd8 30. Rxd8+ Nxd8 31. c5 e5 32. Bc4 Kf8 33. Kf1 Ke7 34. Ke2 Ne6 35. Nb6 Bxb6 36. cxb6 Nc5 37. Bd5 Kd6 38. Bxf7 Kc6 39. Ke3 Kxb6 40. Bd5 Kb5 41. h4 Kb4 42. Kd2 a4 43. g4 h6 44. Ke3 g5 45. hxg5 hxg5 46. Bf7 e4 47. Kd4 Nd3 48. Kxe4 Nxb2 49. f4 Nc4 50. Bxc4 Kxc4 51. fxg5 a3 52. g6 a2 53. g7 a1Q 54. g8Q+ Kb5 55. Qd5+ 1-0

[Event "Famalicao op 11th"]
[Site "Vila Nova de Famalicao"]
[Date "2024.07.28"]
[Round "9"]
[White "Sousa, Andre Ventura"]
[Black "Almeida, Joao Pedro Dias"]
[Result "1-0"]
[WhiteElo "2431"]
[BlackElo "2012"]
[PlyCount "81"]
[EventDate "2024.07.22"]
[EventType "swiss"]
[EventRounds "9"]
[EventCountry "POR"]
[SourceTitle "CBM 221 Extra"]
[Source "ChessBase"]
[SourceDate "2024.09.30"]
[SourceVersion "1"]
[SourceVersionDate "2024.09.30"]
[SourceQuality "1"]

1. Nf3 Nf6 2. g3 g6 3. Bg2 Bg7 4. 0-0 0-0 5. d4 d6 6. Nc3 Nc6 7. d5 Nb8 8. e4 c6 9. Re1 Na6 10. h3 e5 11. dxe6 Bxe6 12. Nd4 Bd7 13. Bf4 Re8 14. Qd2 Nh5 15. Be3 Nc5 16. Nb3 Bxc3 17. Qxc3 Nxe4 18. Qb4 a5 19. Qxb7 a4 20. Bb6 Rb8 21. Bxd8 Rxb7 22. Rxe4 Rxe4 23. Bxe4 axb3 24. axb3 d5 25. Bg2 Kg7 26. Ba5 h6 27. Bc3+ Kh7 28. Ra8 Ng7 29. g4 Be6 30. f3 c5 31. Be5 c4 32. bxc4 dxc4 33. Kf2 h5 34. Bf1 Rb5 35. Bc3 Rb7 36. Ke3 Bd5 37. Rc8 Re7+ 38. Kf2 hxg4 39. hxg4 Be6 40. Rc5 f5 41. g5 1-0

[Event "POR-chT"]
[Site "Soure"]
[Date "2024.07.21"]
[Round "9.1"]
[White "Sousa, Andre Ventura"]
[Black "Macias Pino, Diego"]
[Result "1/2-1/2"]
[WhiteElo "2431"]
[BlackElo "2471"]
[PlyCount "36"]
[EventDate "2024.07.15"]
[EventType "team-tourn"]
[EventRounds "9"]
[EventCountry "POR"]
[SourceTitle "CBM 221 Extra"]
[Source "ChessBase"]
[SourceDate "2024.09.30"]
[SourceVersion "1"]
[SourceVersionDate "2024.09.30"]
[SourceQuality "1"]
[WhiteTeam "Vitoria"]
[BlackTeam "Assembleia Figueirense"]
[WhiteTeamCountry "POR"]
[BlackTeamCountry "POR"]

1. d4 Nf6 2. Nf3 c5 3. e3 d5 4. a3 cxd4 5. exd4 Nc6 6. h3 Bf5 7. Bd3 Bxd3 8. Qxd3 e6 9. Bf4 Bd6 10. Bxd6 Qxd6 11. 0-0 0-0 12. Nbd2 Rfc8 13. Rfe1 Qc7 14. c3 Na5 15. Ne5 Nd7 16. Ndf3 Nxe5 17. Nxe5 Rab8 18. Qf3 Nc4 1/2-1/2

[Event "POR-chT"]
[Site "Soure"]
[Date "2024.07.20"]
[Round "8.1"]
[White "Ferreira, Jorge Viterbo"]
[Black "Sousa, Andre Ventura"]
[Result "1-0"]
[WhiteElo "2523"]
[BlackElo "2431"]
[PlyCount "149"]
[EventDate "2024.07.15"]
[EventType "team-tourn"]
[EventRounds "9"]
[EventCountry "POR"]
[SourceTitle "CBM 221 Extra"]
[Source "ChessBase"]
[SourceDate "2024.09.30"]
[SourceVersion "1"]
[SourceVersionDate "2024.09.30"]
[SourceQuality "1"]
[WhiteTeam "Dias Ferreira"]
[BlackTeam "Vitoria"]
[WhiteTeamCountry "POR"]
[BlackTeamCountry "POR"]

1. c4 e6 2. Nc3 d5 3. d4 Nf6 4. cxd5 exd5 5. Bg5 c6 6. e3 h6 7. Bh4 Be7 8. Bd3 0-0 9. Nge2 Re8 10. 0-0 Nbd7 11. Qc2 a5 12. a3 b5 13. h3 Nb6 14. a4 b4 15. Nb1 Ne4 16. Bxe7 Rxe7 17. Nd2 Nd6 18. Rfc1 Bd7 19. Nb3 Be8 20. Nc5 Nd7 21. Nxd7 Bxd7 22. Nf4 Rc8 23. Qd1 Qf8 24. Be2 g6 25. Bg4 h5 26. Bxd7 Rxd7 27. Nd3 Nc4 28. Rc2 f6 29. Rac1 Rdc7 30. Qf3 Qf7 31. Qg3 Nb6 32. b3 Nd7 33. Qd6 Nb8 34. Rc5 Rd7 35. Qg3 Ra7 36. h4 Kh7 37. Nf4 Rg8 38. Qf3 Qd7 39. e4 dxe4 40. Qxe4 f5 41. Qd3 Qd8 42. g3 Re7 43. d5 Nd7 44. Rxc6 Ne5 45. Qa6 Nxc6 46. Rxc6 Qa8 47. Qb6 Qa7 48. Rxg6 Qxb6 49. Rxb6 Re1+ 50. Kg2 Rd8 51. Ra6 Rb1 52. Rxa5 Rxb3 53. Ra7+ Kg8 54. Rb7 Rb1 55. a5 Ra8 56. Nxh5 Kf8 57. Kf3 Rxa5 58. Kf4 Rxd5 59. Nf6 Rd6 60. Kxf5 Rb2 61. f4 Rg2 62. g4 b3 63. g5 b2 64. Kg6 b1B+ 65. Rxb1 Ke7 66. Rb7+ Ke6 67. h5 Rf2 68. Rb4 Ke7 69. h6 Rg2 70. Re4+ Re6 71. Rxe6+ Kxe6 72. h7 Rd2 73. h8Q Rd8 74. f5+ Ke7 75. Qxd8+ 1-0

[Event "POR-chT"]
[Site "Soure"]
[Date "2024.07.19"]
[Round "6.1"]
[White "Costa, Leonardo"]
[Black "Sousa, Andre Ventura"]
[Result "0-1"]
[WhiteElo "2487"]
[BlackElo "2431"]
[PlyCount "110"]
[EventDate "2024.07.15"]
[EventType "team-tourn"]
[EventRounds "9"]
[EventCountry "POR"]
[SourceTitle "CBM 221 Extra"]
[Source "ChessBase"]
[SourceDate "2024.09.30"]
[SourceVersion "1"]
[SourceVersionDate "2024.09.30"]
[SourceQuality "1"]
[WhiteTeam "Montemor o Velho"]
[BlackTeam "Vitoria"]
[WhiteTeamCountry "POR"]
[BlackTeamCountry "POR"]

1. e4 e5 2. Nf3 Nc6 3. Bb5 Nf6 4. 0-0 Nxe4 5. Re1 Nd6 6. a4 Be7 7. Nc3 0-0 8. d4 e4 9. Nxe4 Nxe4 10. Rxe4 a6 11. Bf1 d5 12. Re1 Bg4 13. c3 Bd6 14. h3 Bh5 15. g4 Bg6 16. Ne5 Qh4 17. Bg2 Be4 18. Bf4 Nxe5 19. dxe5 Bc5 20. Be3 Bxe3 21. Rxe3 Bxg2 22. Kxg2 c6 23. Qf3 a5 24. Qg3 Qd8 25. Rd1 Qb6 26. Qf4 Qxb2 27. h4 Qc2 28. Rdd3 Rae8 29. g5 Re6 30. h5 Qb3 31. Rd4 Qa3 32. c4 Qc5 33. cxd5 cxd5 34. h6 Rg6 35. hxg7 Re8 36. Qh4 Rxg5+ 37. Kh2 Qe7 38. e6 fxe6 39. Rxe6 Qxe6 40. Qxg5 Qe5+ 41. Qxe5 Rxe5 42. Kg3 Kxg7 43. f4 Rf5 44. Rd1 b6 45. Rc1 d4 46. Kf3 Rc5 47. Rb1 d3 48. Rxb6 Rd5 49. Rb1 Kf6 50. Kf2 d2 51. Ke2 d1Q+ 52. Rxd1 Rxd1 53. Kxd1 Kf5 54. Ke2 Kxf4 55. Kd3 h5 0-1

[Event "Queima das Fitas op"]
[Site "Coimbra"]
[Date "2024.04.25"]
[Round "2"]
[White "Duque, Raquel Dos Santos"]
[Black "Sousa, Andre Ventura"]
[Result "0-1"]
[WhiteElo "1870"]
[BlackElo "2426"]
[PlyCount "64"]
[EventDate "2024.04.25"]
[EventType "swiss"]
[EventRounds "7"]
[EventCountry "POR"]
[SourceTitle "CBM 219 Extra"]
[Source "ChessBase"]
[SourceDate "2024.05.31"]
[SourceVersion "1"]
[SourceVersionDate "2024.05.31"]
[SourceQuality "1"]

1. c4 e6 2. Nc3 d5 3. e3 Nf6 4. Nf3 Bd6 5. b3 0-0 6. Be2 Nbd7 7. 0-0 a6 8. d4 b6 9. Qc2 Bb7 10. Bd3 dxc4 11. bxc4 c5 12. Ba3 Qe7 13. Ne4 Bxe4 14. Bxe4 Nxe4 15. Qxe4 cxd4 16. Bxd6 Qxd6 17. exd4 Rac8 18. Rac1 Rc7 19. Rfd1 Rfc8 20. c5 Qc6 21. Qh4 h6 22. Qh5 Qd5 23. Qxd5 exd5 24. Rb1 bxc5 25. dxc5 Rxc5 26. h3 Nf6 27. Rb7 Rc1 28. Rxc1 Rxc1+ 29. Kh2 Rc2 30. Ne5 Rxf2 31. Rb8+ Kh7 32. Nxf7 Rxa2 0-1

[Event "Queima das Fitas op"]
[Site "Coimbra"]
[Date "2024.04.25"]
[Round "1"]
[White "Sousa, Andre Ventura"]
[Black "Silva, Tiago Oliveira"]
[Result "1-0"]
[WhiteElo "2426"]
[BlackElo "1692"]
[PlyCount "45"]
[EventDate "2024.04.25"]
[EventType "swiss"]
[EventRounds "7"]
[EventCountry "POR"]
[SourceTitle "CBM 219 Extra"]
[Source "ChessBase"]
[SourceDate "2024.05.31"]
[SourceVersion "1"]
[SourceVersionDate "2024.05.31"]
[SourceQuality "1"]

1. e4 c6 2. d4 d5 3. e5 Bf5 4. Nf3 e6 5. Be2 Nd7 6. 0-0 Ne7 7. c3 c5 8. dxc5 Nxc5 9. Nd4 a6 10. b4 Nd7 11. f4 Qb6 12. Be3 Qc7 13. g4 Bxb1 14. Rxb1 g6 15. Rc1 Nb6 16. f5 gxf5 17. gxf5 Qxe5 18. Bf4 Rg8+ 19. Kh1 Qe4+ 20. Rf3 Rg4 21. Bd3 Qxf4 22. Rxf4 Rxf4 23. fxe6 1-0